First Names of Characters on Barney Miller Quiz Stats

 Plays Quiz not verified by Sporcle

Score 0/10 Timer 06:00
0 Plays Today
Hint Answer % Correct
Captain MillerBarney
97.4%
Detective HarrisRon
92.3%
Detective Wojciehowicz Stanley
87.2%
Detective YemanaNick
87.2%
Detective FishPhil
74.4%
Officer LevittCarl
71.8%
Inspector LugerFrank
71.8%
Detective DietrichArthur
69.2%
Detective AmengualeChano
66.7%
Lieutenant ScanlanBen
35.9%

You're not logged in!

Compare scores with friends on all Sporcle quizzes.
OR
Log In

Sporcle TV

Today on Sporcle TV


Watch our educational content, quiz creation guides, and fun videos on Sporcle TV.

Show Comments

Extras

Top Quizzes Today


Score Distribution

Your Account Isn't Verified!

In order to create a playlist on Sporcle, you need to verify the email address you used during registration. Go to your Sporcle Settings to finish the process.

Report this User

Report this user for behavior that violates our Community Guidelines.

Details: